El potencial educativo de la fotografía
Salvato in:
| Ente Autore: | |
|---|---|
| Natura: | Libro |
| Lingua: | spagnolo |
| Pubblicazione: |
Valparaíso
CNCA
2016
|
| Edizione: | 2a. ed |
| Serie: | Cuaderno Pedagógico
|
| Soggetti: | |
| Tags: |
Aggiungi Tag
Nessun Tag, puoi essere il primo ad aggiungerne!!
|
MARC
| LEADER | 00000cam a2200000 a 4500 | ||
|---|---|---|---|
| 001 | UCD5742 | ||
| 003 | CL-VaPUC | ||
| 005 | 20250307105944.0 | ||
| 008 | 161007e20160000cl |||||||||||||||||spa|d | ||
| 999 | |c 366313 |d 366311 | ||
| 020 | |a 9789563521436 | ||
| 040 | |c Pontificia Universidad Católica de Valparaíso | ||
| 082 | 0 | 4 | |a 770 |b CON |2 21 |
| 110 | 2 | |a Consejo Nacional de la Cultura y las Artes |e author |9 589502 | |
| 245 | 1 | 3 | |a El potencial educativo de la fotografía |
| 250 | |a 2a. ed | ||
| 260 | |a Valparaíso |b CNCA |c 2016 | ||
| 300 | |a 129 p | ||
| 490 | 0 | |a Cuaderno Pedagógico | |
| 500 | |a Incluye CD con material interactivo | ||
| 583 | |a last modification |c 20170828 10:04:43 |k Rodrigo Vera | ||
| 650 | 0 | |a Fotografía |9 268495 |x Enseñanza | |
| 942 | |c BK |2 ddc | ||
| 945 | |d 20161007 09:49:00 |a dcastane | ||
| 952 | |0 0 |1 0 |3 erb |4 0 |6 770_000000000000000_CON_2016 |7 0 |8 A |9 480478 |a BIBEDU |b BIBEDU |i 5344204 |l 2 |o 770 CON 2016 |p 5344204 |r 2025-03-10 |s 2025-03-10 |w 2019-11-24 |y BK |z Catalogado en:20161007 |k EPE | ||
| 952 | |0 0 |1 0 |3 erb |4 0 |6 770_000000000000000_CON_2016 |7 0 |8 A |9 480479 |a BIBEDU |b BIBEDU |i 5344190 |o 770 CON 2016 |p 5344190 |r 2019-11-24 |w 2019-11-24 |y BK |z Catalogado en:20161007 |k EPE | ||
| 952 | |0 0 |1 0 |3 erb |4 0 |6 770_000000000000000_CON_2016 |7 0 |8 A |9 480480 |a BIBEDU |b BIBEDU |i 5344182 |o 770 CON 2016 |p 5344182 |r 2019-11-24 |w 2019-11-24 |y BK |z Catalogado en:20161007 |k EPE | ||